| 000 | 00758nam a2200205 a 4500 | ||
|---|---|---|---|
| 001 | 000038533 | ||
| 003 | DO-SdBNP | ||
| 005 | 20150413144402.0 | ||
| 007 | 000038533 | ||
| 008 | 130412s2011 dr ad 000 0 spa d | ||
| 040 |
_aBPMET _bspa _cBPMET |
||
| 245 | 0 | 0 | _aIntegración de la atención prenatal con los procesos de detección y manejo clínico del VIH y de la sífilis en la República Dominicana. |
| 260 |
_aSanto Domingo : _bMinisterio de Salud Pública, _c2011. |
||
| 300 |
_a174 p. : _bil., gráfs. ; _c29 cm. |
||
| 710 | 1 | _aMinisterio de Salud Pública (República Dominicana) | |
| 930 | 1 |
_lBND01 _mLF1 _820130412 _f01 _pCT _g36132 |
|
| 942 |
_2ddc _cBK |
||
| 956 |
_aYLOCKWARD _b10 _c20130412 _lBND01 _h1412 |
||
| 956 |
_aVMATEO _b10 _c20130422 _lBND01 _h1023 |
||
| 999 |
_c7625 _d7625 |
||